000 01045nam a22003257a 4500
003 CHAP
005 20220329141213.0
008 971010s1949 r 00010 d
010 _a64319
011 _a65291
035 _a71755
040 _cCHAP
082 0 4 _a917.2
_bT35
100 0 0 _aTamayo, Jorge L.
_9111549
245 1 _aGeografía general de México
260 _aMéxico :
_bTalleres Gráficos de México,
_c1949
300 _a2 v.
_b: ilus.
500 _aAtlas geográfico general de México. México, 1949
500 _aLa biblioteca tiene : v.2
590 _aBATCH-UPD
_b10
_c20130110
_lUCH01
_h1932
590 _aBATCH-UPD
_b10
_c20130410
_lUCH01
_h1257
590 _aBATCH-UPD
_b10
_c20130914
_lUCH01
_h1827
590 _aCONVERSION
_b10
_c20130109
_lUCH01
_h1335
650 1 4 _aMéxico
_xGeografía.
_976748
650 1 4 _aMéxico
_xMapas.
_976780
901 _aBK
942 _cLIBRO
949 _a917.2 T35
_bBC
_cLIBRO
_d33724000982393
_eLIBRO
_fv.2 c.9
_h25747
_i71755
_si
949 _a917.2 T35
_bBC
_cMUT
_d717551
_eMUT
_fv.1
_i71755
_sb
999 _c64319
_d64319